| 000 | 01105cad a22002175a 4500 | ||
|---|---|---|---|
| 001 | E157037 | ||
| 008 | 120816s2012 xxk f s000 0 eng d | ||
| 020 | _a9781780459455 | ||
| 035 | _a(Sirsi) u157037 | ||
| 041 | 0 | _aeng | |
| 110 | 2 |
_aScotland _bScottish Government _95344 |
|
| 245 | 0 | 0 |
_aProperty Factors (Scotland) Act 2011 code of conduct for property factors _beffective from 1 October 2012 _h[electronic resource] |
| 260 |
_aEdinburgh _bScottish Government _c2012 |
||
| 520 | _aSets out minimum standards of practice for registered property factors, in relation to the Property Factors (Scotland) Act 2011 S14. The Code is one of three main elements to the Act, the other two being: a register of all property factors operating in Scotland; and a dispute resolution mechanism (the homeowner housing panel). | ||
| 590 | _aKA NTK | ||
| 650 | 2 | 4 | _aPROPERTY FACTORS (SCOTLAND) ACT 2011 |
| 651 | 4 |
_aScotland _y1999- |
|
| 690 |
_aLandlord and tenant _96252 |
||
| 856 | 4 | 0 |
_uhttps://www.scotland.gov.uk/Publications/2012/07/6791 _zView the consultation free of charge at www.scotland.gov.uk |
| 942 | _n0 | ||
| 999 |
_c114554 _d114554 |
||